000 00769nam a2200229 i 4500
001 149954
003 ES-MaACL
005 20230906203325.0
007 t|
008 071025s1962 sp ||||1| spa d
100 1 _aValle, Florentino del.
_9112759
245 1 0 _aDiccionario de moral profesional, según los documentos pontificios /
_cFlorentino del Valle.
260 _aMadrid :
_bCompañía Bibliográfica Española,
_c1962.
300 _a831 p. ;
_c24 cm.
490 1 _aBiblioteca Fomento Social
650 4 _aDeontología-
_vDiccionarios.
_911590
710 2 _aCompañía Bibliográfica Española.
_9171207
710 2 _aFomento Social (Madrid)
_9171603
830 1 _aBiblioteca Fomento Social
_9181200
852 _aES-MaACL
_jC-22768
999 _c149954
_d149954